Culture Générale - Série 2529 - Statistiques

Statistiques générales
  • Ce quiz a été pris 115 fois
  • Le résultat moyen est 5 sur 10
Statistiques - réponses
Question Réponse % Correct
Dans quelle ville française furent signés le 18 mars 1962 les accords reconnaissant l'indépendance de l'Algérie assortie d'un cessez-le-feu ? Evian
77%
Quel animal peut être appelé : sphynx-ragdoll-savannah ? chat
62%
Quel mot anglais de 4 lettres signifie "petit arrangement" ? deal
62%
Acronyme pour "Geste de premiers secours à pratiquer systématiquement lorsque l'on est en présence d'une personne inconsciente, qui respire normalement et qui est décubitus dorsal (couchée sur le dos)". pls
62%
Quel écrivain est né à Rouen le 12 décembre 1821 ? prénom et nom - voir photo Gustave Flaubert
43%
Fleuve d'Afrique du Nord ou du Moyen-Orient et des régions semi-désertiques à régime hydrologique très irrégulier oued
41%
Affluent du Mississippi - état du même nom dont la capitale est Springfield ? Illinois
35%
Prénom masculin ou eau de vie (en 4 lettres) Marc
29%
Comment appelle-t-on les habitants de Chamonix ? Chamoniards
28%
Aventurier, pirate des Antilles, des Caraïbes - 9 lettres commençant par " b " boucanier
21%
Aucun quiz correspondant
Distribution des résultats
% des personnes avec chaque résultat
Percentile par nombre de réponses
Votre historique - résultats
Vous n’avez pas pris ce quiz